00531nam a2200181Ia 4500008004100000020001800041041000800059082001600067100002500083245005000108250001200158260002700170300002700197365001600224700004100240906004900281999001900330230714s9999 xx 000 0 und d a9790000000000 aeng a005.73bGIL aGilberg R.F.9133084 aData StructuresbA Pseudocode Approach With C a2nd ed. c2019bCengage Learning a720dRef 20 IT (33013) cRs.b395.00 aGilberg R.F. & Forouzan B.A.9187360 dO:0278702-Apr-2012B:284002-Apr-2012cITb790 c206086d206086